|
|
|
|
| LEADER |
00000nta a2200000 i 4500 |
| 001 |
dolg46314 |
| 005 |
20230816150945.0 |
| 008 |
230816suuuu hu om 000 hun d |
| 040 |
|
|
|a BGE Dolgozattár Repozitórium
|b hun
|
| 041 |
|
|
|a hu
|
| 100 |
1 |
|
|a Horváthné Stang Anita Magdolna
|
| 245 |
1 |
2 |
|a A nonprofit szervezetek helye, szerepe a nemzetgazdaságban. A Levegő Munkacsoport kiemelkedően közhasznú szervezet 3 éves tevékenységének komplex elemzése
|c Horváthné Stang Anita Magdolna
|h [elektronikus dokumentum]
|
| 695 |
|
|
|a nonprofit szervezet
|
| 695 |
|
|
|a nonprofit szektor
|
| 695 |
|
|
|a nonprofit szervezet
|
| 856 |
4 |
0 |
|u http://dolgozattar.uni-bge.hu/46314/1/00000820.doc
|z Dokumentum-elérés
|